Counties of Scotland (with map) - Statistics

General Stats
  • This quiz has been taken 3,843 times
    2,855 since last reset
  • The average score is 15 of 33
Answers on the Map
Answers color-coded by a green-red scale on the quiz's map according to % correct below.
 
Answer Stats
Aberdeen % Correct
Aberdeen
88%
Zetland
77%
Orkney
73%
Perth
66%
Inverness
65%
Fife
62%
Ayr
61%
Dumfries
58%
East Lothian
58%
West Lothian
57%
Midlothian
55%
Stirling
54%
Argyll
51%
Angus
48%
Lanark
46%
Dunbarton
43%
Bute
42%
Moray
42%
Renfrew
39%
Sutherland
36%
Berwick
35%
Clackmannan
35%
Kinross
33%
Caithness
32%
Banff
28%
Nairn
27%
Peebles
25%
Wigtown
24%
Ross and Cromarty
23%
Roxburgh
23%
Kirkcudbright
21%
Selkirk
21%
Kincardine
20%
No matching quizzes found
Score Distribution
Percent of People with Each Score
Percentile by Number Answered
Your Score History
You have not taken this quiz since the last reset